000 00350nam a2200133Ia 4500
005 20260328104317.0
008 260328s9999||||xx |||||||||||||| ||und||
100 _aPeters, Paulhans
245 0 _aEinfamilienhäuser aus 12 Ländern /
_cPaulhans Peters
260 _bCallwey
300 _a103 p.
650 _aVIVIENDA DE INTERÉS SOCIAL
942 _cBK
999 _c11185
_d11185